Quick Pick: Famous English Quiz Stats

 Plays Quiz Updated Aug 10, 2017

Support Sporcle.
Go Orange.
Score 0/10 Timer 01:00
3 Plays Today
% Correct
Beatrix Potter
86.8%
James Cook
84.3%
Oliver Cromwell
82%
Emmeline Pankhurst
81.4%
Boudica
73.5%
Robert Falcon Scott
70.8%
Charles Babbage
68.2%
Howard Carter
67.8%
Nell Gwyn
67.4%
Christopher Marlowe
66.9%

Today's Daily Dose

You're not logged in!

Compare scores with friends on all Sporcle quizzes.
OR
Log In
Forgot?

From the Vault

Sitcom Jobs

by Purple_Parrot

Some of these characters are better at their jobs than others.
Remove Ads.
Support Sporcle.
Get the best of Sporcle when you Go Orange. This ad-free experience offers more features, more stats, and more fun while also helping to support Sporcle. Thank you for becoming a member.

Show Comments

Extras

Top Quizzes Today


Score Distribution

Your Account Isn't Verified!

In order to create a playlist on Sporcle, you need to verify the email address you used during registration. Go to your Sporcle Settings to finish the process.

Report this User

Report this user for behavior that violates our Community Guidelines.

Details: